| 000 | 00363nam a2200145Ia 4500 | ||
|---|---|---|---|
| 008 | 210210b1968 xxu||||| |||| 00| 0 eng d | ||
| 082 | _a808.4 REAE | ||
| 100 | _aREAD (Herbert). | ||
| 245 | _aEnglish prose style. | ||
| 260 |
_aLudhiana _bLyall Book Depot _c1968 |
||
| 300 | _axiv,216 | ||
| 650 | _aProse English Style | ||
| 690 | _aRhetoric | ||
| 906 | _aSG00963 | ||
| 999 |
_c112394 _d112394 |
||